header

Wear of advanced materials (Record no. 57265)

MARC details
000 -LEADER
fixed length control field 01277nam a2200313 a 4500
082 04 - DEWEY DECIMAL CLASSIFICATION NUMBER
Classification number 620.1/1292
245 00 - TITLE STATEMENT
Title Wear of advanced materials
260 ## - PUBLICATION, DISTRIBUTION, ETC. (IMPRINT)
Place of publication London :
Name of publisher ISTE ;
Place of publication Hoboken, N.J. :
Name of publisher Wiley,
Year of publication c2012.
300 ## - PHYSICAL DESCRIPTION
Number of Pages 1 online resource (xii, 203 p.) :
Other physical details ill.
650 #0 - SUBJECT ADDED ENTRY--TOPICAL TERM
Topical Term Mechanical wear.
Topical Term Strength of materials.
700 1# - ADDED ENTRY--PERSONAL NAME
Personal name Davim, J. Paulo.
856 40 - ELECTRONIC LOCATION AND ACCESS
Uniform Resource Identifier http://site.ebrary.com/lib/rucke/Doc?id=10674818
588 ## -
-- Description based on online resource; title from title page (ebrary, viewed May 8, 2013).

No items available.

© 2026 Rongo University
Contact us: librarian | system librarian | Rongo university